LEADER 00945cam0-22003251i-450- 001 990004559250403321 005 20140910110812.0 035 $a000455925 035 $aFED01000455925 035 $a(Aleph)000455925FED01 035 $a000455925 100 $a19990604d1959----km-y0itay50------ba 101 0 $ager 102 $aDE 105 $ay-------001yy 200 1 $aKleine Schriften zur Geschichte des Volkes Israel$fAlbrecht Alt 205 $a2. ed. 210 $aMünchen$cC. H. Beck'sche$d1959 215 $av.$d24 cm 610 0 $aEbrei - Storia - Antichità 676 $a296.1 700 1$aAlt,$bAlbrecht$f<1883-1956>$0494658 801 0$aIT$bUNINA$gRICA$2UNIMARC 901 $aBK 912 $a990004559250403321 952 $a296.1 ALT 1 (1)$bBibl. 32453/a$fFLFBC 952 $a296.1 ALT 1 (2)$bBibl. 32453/b$fFLFBC 959 $aFLFBC 996 $aKleine Schriften zur Geschichte des Volkes Israel$9548908 997 $aUNINA LEADER 01143nam--2200385---450- 001 990001991760203316 005 20050228085040.0 035 $a000199176 035 $aUSA01000199176 035 $a(ALEPH)000199176USA01 035 $a000199176 100 $a20040908d19..----km-y0itay0103----ba 101 0 $aita 102 $aIT 105 $a||||||||001yy 200 1 $a<>Umbria$emanuali per il territorio 210 $aRoma$cEdindustria$d19.. 215 $av.$d21 cm 327 1 $a : La Valnerina. Il Nursino. Il Casciano. - 1977. - 461 p. - ill. ; : Spoleto. - 1978. - 655 p. - ill. 410 0$12001 454 1$12001 461 1$1001-------$12001 606 0 $aUmbria 676 $a914.565 801 0$aIT$bsalbc$gISBD 912 $a990001991760203316 951 $aIII.1. 387/1 (I A Coll. 44/1)$b85391 L.M.$cI A 951 $aIII.1. 387/2 (I A coll. 44/2)$b85932 L.M.$cI A 959 $aBK 969 $aUMA 979 $aSIAV2$b10$c20040908$lUSA01$h1736 979 $aSIAV2$b10$c20040908$lUSA01$h1738 979 $aCOPAT4$b90$c20050228$lUSA01$h0850 996 $aUmbria$9290065 997 $aUNISA